000
00249nam a22000977a 4500
999
_c
10925
_d
10925
008
180409b ||||| |||| 00| 0 eng d
020
_a
9788177000313
100
_a
Arora Sumita
_9
6734
245
_a
Information Practices-XI
260
_a
New Delhi
_b
Dhanpat